Normal view
MARC view
Entry Personal Name
001 - CONTROL NUMBER
- control field: 767316
003 - CONTROL NUMBER IDENTIFIER
- control field: OSt
005 - DATE AND TIME OF LATEST TRANSACTION
- control field: 20250508155710.0
008 - FIXED-LENGTH DATA ELEMENTS
- fixed length control field: 250508|| aca||aabn | a|a d
040 ## - CATALOGING SOURCE
- Original cataloging agency: OSt
- Transcribing agency: OSt
100 ## - HEADING--PERSONAL NAME
- Personal name: Silva Meera M T
670 ## - SOURCE DATA FOUND
- Source citation: Work cat.: (OSt)1358859: Silva Meera M T, Cross-validating study of rorschach testing in relation to effective teaching, 1971
